Zmeny v podaní, konaní i právach

Zmeny v novom zákone č. 55/1997 Z. z. o ochranných známkach, platnom od 1. 3. 1997. Konanie pred úradom. Zápis do registra. Konanie o kolektívnej známke. Práva a povinnosti z ochrannej známky. Medzinárodný zápis.

Saved in:
Bibliographic Details
Main Author: Bachratý, Ján
Format: Book Chapter
Language:Slovak
Subjects:
Tags: Add Tag
No Tags, Be the first to tag this record!

MARC

LEADER 00000naa a2200000 4500
001 r025772
005 20230824085302.1
041 0 |a slo 
044 |a SK 
245 1 0 |a Zmeny v podaní, konaní i právach  |c Ján Bachratý 
520 |a Zmeny v novom zákone č. 55/1997 Z. z. o ochranných známkach, platnom od 1. 3. 1997. Konanie pred úradom. Zápis do registra. Konanie o kolektívnej známke. Práva a povinnosti z ochrannej známky. Medzinárodný zápis. 
610 2 0 |a Slovensko 
610 2 0 |a marec 
610 2 0 |a 1997 
610 2 0 |a zákony 
610 2 0 |a známky ochranné 
100 1 |a Bachratý, Ján